000 00510nam a2200181 a 4500
001 6342
003 CO-ViMGA
008 141112s2004 ck r 000 u spa d
040 _aCO-ViMGA
_bspa
_cCO-ViMGA
082 0 4 _a632.19 F657
100 1 _aFont Tullot, Inocencio
_95059
245 1 0 _aEl hombre y su ambiente atmosferico
260 _aMadrid :
_bInstituto Nacional de Metereología,
_c1991
300 _a229 p : il
650 1 4 _aCONTAMINACION AMBIENTAL
_93933
650 1 4 _aMEDIO AMBIENTE
942 _2ddc
_cBK
999 _c18312
_d18312